Statistics for Name a Valid Clash Royale Card by Elixir

Click here to take the quiz!

General Stats

  • This quiz has been taken 74 times
  • The average score is 9 of 9

Answer Stats

ElixirCards% Correct
1Electro Spirit | Fire Spirit | Heal Spirit | Ice Spirit | Mirror | Skeletons
99%
3Arrows | Archers | Bandit | Cannon | Clone | Dart Goblin | Earthquake | Elixir Goblin | Firecracker | Fisherman | Goblin Barrel | Goblin Gang | Guards | Ice Wizard | Knight | Mega Minion | Miner | Minions | Princess | Royal Delivery | Royal Ghost | Skeleton Army | Tombstone | Tornado
97%
4Baby Dragon | Battle Healer | Battle Ram | Bomb Tower | Dark Prince | Electro Wizard | Fireball | Flying Machine | Freeze | Furnace | Goblin Cage | Goblin Drill | Golden Knight | Hog Rider | Hunter | Inferno Dragon | Lumberjack | Magic Archer | Mighty Miner | Mini P.E.K.K.A | Mortar | Mother Witch | Musketeer | Night Witch | Phoenix | Poison | Skeleton Dragons | Skeleton King | Super Ice Golem | Tesla | Valkyrie | Zappies
97%
7Barbarian Hut | Electro Giant | Lava Hound | Mega Knight | P.E.K.K.A | Royal Recruits
97%
5Archer Queen | Balloon | Barbarians | Bowler | Cannon Cart | Electro Dragon | Executioner | Giant | Goblin Hut | Graveyard | Hog Rider | Inferno Tower | Minion Horde | Monk | Party Hut | Party Rocket | Prince | Ram Rider | Rascals | Royal Hogs | Super Magic Archer | Witch | Wizard
96%
2Bats | Barbarian Barrel | Bomber | Giant Snowball | Goblins | Ice Golem | Rage | Spear Goblins | The Log | Wall Breakers | Zap
96%
8Golem
93%
6Elite Barbarians | Elixir Collector | Giant Skeleton | Goblin Giant | Lightning | Rocket | Royal Giant | Sparky | X-Bow
90%
9Three Musketeers
89%

Score Distribution

Percentile by Number Answered

Percent of People with Each Score

Your Score History

You have not taken this quiz